000 01129nam0a22002891 4500
001 v19\rc\1407768
005 20260406003000.0
035 _a(NLR Aleph) 005222979
090 _a5524714
_c5524714
100 _a20060512d1876 |||y0rusy50 ca
101 0 _arus
102 _aRU
105 _ay j |||||
200 1 _aЦерковное право
_eII кл.
_e[Лекции, чит. в Уч-ще правоведения
_f[Прот. А.И. Парвов]
210 _aСанкт-Петербург]
_cлит. бр. Пантелеевых
_d[1876]
215 _a65-161 с.
300 _aАвт. указан в сигнатуре
309 _aЛитогр.
316 _aЭкз. РНБ (18.294.2.196): деф.: отсутствуют. тит. л.; с. 1-64
_5NLR: 18.294.2.196
700 1 _8rus
_7ca
_aПарвов
_bА. И.
_f1834-1897
_gАлексей Иванович
_3RU\NLR\AUTH\77112535
_995460
801 0 _aRU
_bNLR
_c20060512
_gpsbo
801 0 _aRU
_bRuMoRGB
_c20060512
_2psbo
801 1 _aRU
_bProSoft-M
_c20060512
_2rusmarc
801 2 _aRU
_bNLR
_c20120609
_2rusmarc
852 _aNLR
_j18.294.2.196
942 _cBOOK
980 _aNB